Bulletin

Na minha lista:
Detalhes bibliográficos
Formato: Periódico
Idioma:eslovaco
Publicado em: Bratislava Štatistický úrad Slovenskej republiky 2002
Assuntos:
Tags: Adicionar Tag
Sem tags, seja o primeiro a adicionar uma tag!

MARC

LEADER 00000nas2a22000001 4500
001 0038983
005 20060223104605.2
041 0 |a slo 
044 |a SK 
245 1 0 |a Bulletin 
264 1 |a Bratislava  |b Štatistický úrad Slovenskej republiky  |c 2002 
773 0 |w eu_un_cat*s120005 
610 2 0 |a štatistika 
610 2 0 |a údaje štatistické 
610 2 0 |a porovnanie štatistické